[Event "Scarborough CC Jack Frost U1800"]
[Site "Toronto CAN"]
[Date "2012.01.12"]
[Round "2"]
[White "Mesiti, Silvano"]
[Black "Zhao, Harry"]
[Result "1/2-1/2"]
[WhiteElo "1605"]
[BlackElo "1303"]
[PlyCount "58"]
[GameId "2160767909573143"]
[EventDate "2012.01.05"]
[EventType "swiss"]
[EventRounds "6"]
[EventCountry "CAN"]
[SourceTitle "EXT 2022"]
[Source "ChessBase"]
[SourceDate "2021.10.06"]
[SourceVersion "1"]
[SourceVersionDate "2021.10.06"]
[SourceQuality "1"]

1. e4 e6 2. Nf3 d5 3. exd5 exd5 4. d4 Bg4 5. Be2 Be7 6. O-O Nf6 7. Nc3 O-O 8. Ne5 Bxe2 9. Qxe2 Nbd7 10. Bf4 Bb4 11. Qf3 Bxc3 12. Qxc3 Nxe5 13. Bxe5 Ne4 14. Qxc7 Qxc7 15. Bxc7 Rac8 16. Bf4 Rxc2 17. f3 Nf6 18. b3 Re8 19. Rfe1 Ree2 20. Rxe2 Rxe2 21. Rc1 h6 22. Rc7 Rxa2 23. Rxb7 g5 24. Be5 Nh5 25. Rb8+ Kh7 26. Rh8+ Kg6 27. Rg8+ Kh7 28. Rh8+ Kg6 29. Rg8+ Kh7 1/2-1/2

[Event "Scarborough CC Jack Frost U1800"]
[Site "Toronto CAN"]
[Date "2012.01.12"]
[Round "2"]
[White "Pishdad, Hassan"]
[Black "Guo, Tan"]
[Result "0-1"]
[WhiteElo "1345"]
[BlackElo "1630"]
[PlyCount "96"]
[GameId "2160767909573144"]
[EventDate "2012.01.05"]
[EventType "swiss"]
[EventRounds "6"]
[EventCountry "CAN"]
[SourceTitle "EXT 2022"]
[Source "ChessBase"]
[SourceDate "2021.10.06"]
[SourceVersion "1"]
[SourceVersionDate "2021.10.06"]
[SourceQuality "1"]

1. d4 d5 2. c4 e6 3. Nc3 Nf6 4. e3 Be7 5. Bd3 dxc4 6. Bxc4 Nd5 7. Nge2 c6 8. O-O O-O 9. a3 Nd7 10. e4 Nxc3 11. bxc3 Nf6 12. Ng3 Qc7 13. e5 Nd5 14. Qc2 c5 15. Qb3 Rd8 16. Bxd5 exd5 17. Be3 Be6 18. Ne2 b6 19. Nf4 Rab8 20. Nxe6 fxe6 21. Rfc1 Rb7 22. Qd1 Rdb8 23. Qg4 Qd7 24. Bh6 Bf8 25. Bg5 c4 26. a4 a6 27. g3 b5 28. axb5 axb5 29. Ra6 Rb6 30. Rca1 Qc6 31. Ra7 R8b7 32. Ra8 b4 33. Qf3 Rf7 34. Qe3 b3 35. R8a5 Rfb7 36. Rb1 Ra6 37. Rxa6 Qxa6 38. Qe1 Ra7 39. Bc1 Qa2 40. Bb2 Ba3 41. Qc1 Bxb2 42. Rxb2 Qa1 43. Rb1 Qa3 44. Kg2 Qxc1 45. Rxc1 Ra2 46. Kf3 Rc2 47. Rb1 Rxc3+ 48. Ke2 Rd3 0-1

[Event "Scarborough CC Jack Frost U1800"]
[Site "Toronto CAN"]
[Date "2012.01.12"]
[Round "2"]
[White "Radpey, Abdolreza"]
[Black "Cui, Gordon"]
[Result "1-0"]
[WhiteElo "1505"]
[BlackElo "1379"]
[PlyCount "86"]
[GameId "2160767909573145"]
[EventDate "2012.01.05"]
[EventType "swiss"]
[EventRounds "6"]
[EventCountry "CAN"]
[SourceTitle "EXT 2022"]
[Source "ChessBase"]
[SourceDate "2021.10.06"]
[SourceVersion "1"]
[SourceVersionDate "2021.10.06"]
[SourceQuality "1"]

1. Nf3 Nc6 2. c4 e5 3. Nc3 Nf6 4. e4 d6 5. Be2 Be7 6. d4 exd4 7. Nxd4 Bd7 8. a3 a5 9. O-O O-O 10. Be3 Re8 11. h3 h6 12. Bd3 Nxd4 13. Bxd4 c5 14. Be3 Qb6 15. Qc2 Nh7 16. Nd5 Qc6 17. e5 Nf8 18. Be4 Qc8 19. Nb6 Qc7 20. Nxa8 Rxa8 21. exd6 Bxd6 22. f4 Re8 23. Rae1 Kh8 24. Bc1 Ne6 25. g3 Nd4 26. Qg2 b5 27. Bd5 Rxe1 28. Rxe1 Qc8 29. g4 Qd8 30. Be3 bxc4 31. Bxc4 Bc6 32. Bd5 Bxd5 33. Qxd5 Qh4 34. Bf2 Qf6 35. Re8+ Kh7 36. Qe4+ g6 37. Bg3 c4 38. Kg2 Ne6 39. Qxc4 Qxb2+ 40. Bf2 Nxf4+ 41. Kf3 Qxa3+ 42. Re3 Qb2 43. Qxf7+ Qg7 1-0

[Event "Scarborough CC Jack Frost U1800"]
[Site "Toronto CAN"]
[Date "2012.01.12"]
[Round "2"]
[White "Smith, Maurice"]
[Black "Veecock, Carl"]
[Result "1-0"]
[WhiteElo "1475"]
[BlackElo "1373"]
[PlyCount "125"]
[GameId "2160767909573146"]
[EventDate "2012.01.05"]
[EventType "swiss"]
[EventRounds "6"]
[EventCountry "CAN"]
[SourceTitle "EXT 2022"]
[Source "ChessBase"]
[SourceDate "2021.10.06"]
[SourceVersion "1"]
[SourceVersionDate "2021.10.06"]
[SourceQuality "1"]

1. d4 Nf6 2. c4 e6 3. Nf3 Bb4+ 4. Bd2 Bxd2+ 5. Nbxd2 O-O 6. e3 b6 7. Bd3 Bb7 8. O-O d6 9. Rc1 Nc6 10. a3 Rc8 11. Re1 a5 12. Nf1 d5 13. Ng3 Re8 14. c5 e5 15. Bb5 Nd7 16. dxe5 Ndxe5 17. Nd4 bxc5 18. Rxc5 Qd6 19. Rc3 Red8 20. Nxc6 Bxc6 21. Bxc6 Nxc6 22. Nf5 Qe6 23. Qc2 Ne7 24. Nxe7+ Qxe7 25. Rc1 Rd7 26. g3 g6 27. Rc5 Ra8 28. Rxc7 Rxc7 29. Qxc7 Qxc7 30. Rxc7 Rb8 31. Rc5 Rxb2 32. Rxd5 Ra2 33. Rxa5 Kg7 34. Ra6 Kh6 35. Ra5 g5 36. g4 Kg6 37. Ra6+ f6 38. a4 h6 39. a5 Ra4 40. h3 h5 41. gxh5+ Kxh5 42. Rxf6 Rxa5 43. Kg2 Ra4 44. Rf5 Kg6 45. Rf3 Kh5 46. Rg3 Rh4 47. f3 Rc4 48. Rg4 Rc2+ 49. Kg3 Rc1 50. e4 Rg1+ 51. Kh2 Re1 52. Rg2 Kh4 53. Rg4+ Kh5 54. Kg2 Re2+ 55. Kg3 Re1 56. h4 Rg1+ 57. Kh3 Rh1+ 58. Kg2 Rxh4 59. Rxh4+ Kxh4 60. e5 Kh5 61. Kg3 Kg6 62. Kg4 Kh6 63. Kf5 1-0

[Event "Scarborough CC Jack Frost U1800"]
[Site "Toronto CAN"]
[Date "2012.01.12"]
[Round "2"]
[White "Song, Eric"]
[Black "Vyravanathan, Sobiga"]
[Result "1-0"]
[WhiteElo "1644"]
[BlackElo "1514"]
[PlyCount "149"]
[GameId "2160767909573147"]
[EventDate "2012.01.05"]
[EventType "swiss"]
[EventRounds "6"]
[EventCountry "CAN"]
[SourceTitle "EXT 2022"]
[Source "ChessBase"]
[SourceDate "2021.10.06"]
[SourceVersion "1"]
[SourceVersionDate "2021.10.06"]
[SourceQuality "1"]

1. e4 c5 2. Nf3 Nc6 3. d4 cxd4 4. Nxd4 Nf6 5. Nc3 d6 6. Be3 e6 7. Be2 Be7 8. O-O O-O 9. Qd2 a6 10. Rad1 Bd7 11. f4 Nxd4 12. Bxd4 Bc6 13. Bd3 Rc8 14. Qf2 Rb8 15. Qg3 Ne8 16. e5 dxe5 17. Bxe5 Qb6+ 18. Kh1 Bd6 19. Bd4 Bc5 20. Qh3 g6 21. Be5 Bd6 22. Be4 Bxe5 23. fxe5 Qc7 24. Qg3 f6 25. Bxc6 Qxc6 26. exf6 Rc8 27. Qe5 Qb6 28. Rd7 Rf7 29. Rxf7 Kxf7 30. Ne4 h6 31. Rd1 Rd8 32. Re1 Rd5 33. Qc3 Rf5 34. Rd1 Rd5 35. Re1 Nd6 36. Qa3 Qc7 37. c4 Nxc4 38. Qh3 Ne5 39. Qxh6 Ke8 40. Qh8+ Kd7 41. Qg7+ Kd8 42. Qf8+ Kd7 43. f7 Nxf7 44. Nf6+ Kc6 45. Rc1+ Kb5 46. a4+ Ka5 47. b4+ Kxa4 48. Ra1+ Kb3 49. Nxd5 exd5 50. b5 Nd6 51. Qf3+ Kb4 52. Qa3+ Kxb5 53. Qb3+ Kc6 54. Rb1 b6 55. Rc1+ Nc4 56. Qd3 Qf4 57. Rf1 Qg5 58. h3 b5 59. Qe2 a5 60. Qe6+ Kc5 61. Qc8+ Kb4 62. Qf8+ Kb3 63. Qf3+ Kb4 64. Rb1+ Kc5 65. Qf8+ Kc6 66. Qe8+ Kd6 67. Qxb5 Qf5 68. Qb8+ Kc5 69. Qb5+ Kd4 70. Rd1+ Kc3 71. Qe8 Qg5 72. Qe1+ Kb3 73. Rb1+ Ka4 74. Qd1+ Ka3 75. Qb3# 1-0

[Event "Scarborough CC Jack Frost U1800"]
[Site "Toronto CAN"]
[Date "2012.01.12"]
[Round "2"]
[White "Verde, Pino"]
[Black "Maister, Martin"]
[Result "0-1"]
[WhiteElo "1610"]
[BlackElo "1718"]
[PlyCount "76"]
[GameId "2160767909573148"]
[EventDate "2012.01.05"]
[EventType "swiss"]
[EventRounds "6"]
[EventCountry "CAN"]
[SourceTitle "EXT 2022"]
[Source "ChessBase"]
[SourceDate "2021.10.06"]
[SourceVersion "1"]
[SourceVersionDate "2021.10.06"]
[SourceQuality "1"]

1. e4 c5 2. Nf3 d6 3. Bb5+ Nd7 4. Nc3 g6 5. d4 Bg7 6. O-O cxd4 7. Nxd4 Ngf6 8. Re1 O-O 9. Be3 a6 10. Be2 Qc7 11. g4 h6 12. Qd2 Kh7 13. h4 e6 14. Bxh6 Bxh6 15. g5 Bg7 16. gxf6 Bxf6 17. Nf3 Bxc3 18. Ng5+ Kg8 19. bxc3 Nc5 20. Qf4 e5 21. Qf3 f6 22. Bc4+ Kg7 23. Nh3 b5 24. Bd5 Ra7 25. Kh2 Rh8 26. Qg3 g5 27. Rg1 Bxh3 28. Qxh3 Kf8 29. Rg4 Qd8 30. Rag1 Rah7 31. Rxg5 fxg5 32. Qf5+ Ke7 33. Qxg5+ Kd7 34. Qg4+ Kc7 35. Kg2 Qf8 36. Kf1 Rxh4 37. Qe2 Rh1 38. Qg4 Rxg1+ 0-1

[Event "Scarborough CC Jack Frost U1800"]
[Site "Toronto CAN"]
[Date "2012.01.12"]
[Round "2"]
[White "Wang, Eric1"]
[Black "Super, Russell"]
[Result "1-0"]
[WhiteElo "1618"]
[BlackElo "1401"]
[PlyCount "56"]
[GameId "2160767909573149"]
[EventDate "2012.01.05"]
[EventType "swiss"]
[EventRounds "6"]
[EventCountry "CAN"]
[SourceTitle "EXT 2022"]
[Source "ChessBase"]
[SourceDate "2021.10.06"]
[SourceVersion "1"]
[SourceVersionDate "2021.10.06"]
[SourceQuality "1"]

1. d4 Nf6 2. c4 g6 3. Nc3 d5 4. cxd5 Nxd5 5. e4 Nxc3 6. bxc3 Bg7 7. Bc4 O-O 8. Be3 c5 9. Ne2 Nd7 10. O-O Nf6 11. f3 a6 12. a4 Bd7 13. Rb1 Rb8 14. Bf4 Rc8 15. Qb3 cxd4 16. cxd4 Nh5 17. Be3 Qc7 18. Rfc1 Qb8 19. Qxb7 Qxb7 20. Rxb7 Bxa4 21. Rxe7 Bb5 22. Bxf7+ Kh8 23. Be6 Rxc1+ 24. Nxc1 Rd8 25. Nb3 Nf6 26. Ra7 Ne8 27. Bd5 Nd6 28. Nc5 Bc4 1-0

[Event "Scarborough CC Jack Frost U1800"]
[Site "Toronto CAN"]
[Date "2012.01.12"]
[Round "2"]
[White "Wu, Mark"]
[Black "Lin, William"]
[Result "0-1"]
[WhiteElo "1151"]
[BlackElo "1320"]
[PlyCount "62"]
[GameId "2160767909573150"]
[EventDate "2012.01.05"]
[EventType "swiss"]
[EventRounds "6"]
[EventCountry "CAN"]
[SourceTitle "EXT 2022"]
[Source "ChessBase"]
[SourceDate "2021.10.06"]
[SourceVersion "1"]
[SourceVersionDate "2021.10.06"]
[SourceQuality "1"]

1. e4 e6 2. d4 d5 3. e5 c5 4. dxc5 Bxc5 5. Bb5+ Bd7 6. Bxd7+ Qxd7 7. Nf3 Ne7 8. O-O Nbc6 9. Re1 Qc7 10. Bf4 Qb6 11. Rf1 Qxb2 12. Nbd2 Qb6 13. Rb1 Qc7 14. Re1 Ng6 15. Bg3 Qd7 16. h3 b6 17. c4 O-O 18. cxd5 Qxd5 19. Nb3 Qxd1 20. Rbxd1 Bb4 21. Re2 h6 22. Rd4 Nxd4 23. Nbxd4 Bc5 24. Nc2 Rad8 25. Re1 Be7 26. Bh2 Rc8 27. Ncd4 Rfd8 28. g4 Bc5 29. Nc2 Bxf2+ 30. Kxf2 Rxc2+ 31. Re2 Rdc8 0-1

[Event "Scarborough CC Jack Frost U1800"]
[Site "Toronto CAN"]
[Date "2012.01.12"]
[Round "2"]
[White "Xu, Jeffrey"]
[Black "Kurkowski, Ken"]
[Result "1-0"]
[WhiteElo "1450"]
[BlackElo "1604"]
[PlyCount "115"]
[GameId "2160767909573151"]
[EventDate "2012.01.05"]
[EventType "swiss"]
[EventRounds "6"]
[EventCountry "CAN"]
[SourceTitle "EXT 2022"]
[Source "ChessBase"]
[SourceDate "2021.10.06"]
[SourceVersion "1"]
[SourceVersionDate "2021.10.06"]
[SourceQuality "1"]

1. e4 e6 2. d4 d5 3. e5 c5 4. c3 Qb6 5. Nf3 Bd7 6. Bd3 cxd4 7. cxd4 Bb5 8. Nc3 Bb4 9. Qc2 Bxd3 10. Qxd3 Ne7 11. O-O Bxc3 12. Qxc3 O-O 13. Be3 Nbc6 14. Rfd1 Rac8 15. Qa3 Qb4 16. Qxb4 Nxb4 17. Ne1 Rc7 18. a3 Nc2 19. Rac1 Rfc8 20. g4 h6 21. Nd3 Nxe3 22. fxe3 b6 23. Rxc7 Rxc7 24. Rc1 Rc4 25. Kf2 Kf8 26. Rxc4 dxc4 27. Nf4 b5 28. Ke2 a5 29. Kd2 Nd5 30. Ne2 Ke7 31. e4 Nb6 32. Nc3 b4 33. axb4 axb4 34. Na2 b3 35. Nc3 f6 36. exf6+ gxf6 37. Ke3 Kd6 38. Kf4 Nd7 39. Ke3 e5 40. d5 Nc5 41. Kd2 Nd3 42. Nd1 Nc5 43. Nc3 Nd3 44. Nd1 Nc5 45. Nf2 Na4 46. Kc1 Nc5 47. Kd2 Na4 48. Nd1 Nc5 49. Kc3 Nxe4+ 50. Kxc4 Nc5 51. Ne3 Na4 52. Kxb3 Nb6 53. Nc4+ Nxc4 54. Kxc4 e4 55. Kd4 e3 56. Kxe3 Kxd5 57. Kf4 Ke6 58. b4 1-0

[Event "Scarborough CC Jack Frost U1800"]
[Site "Toronto CAN"]
[Date "2012.01.12"]
[Round "2"]
[White "Yie, Kevin Yi Xiao"]
[Black "Rutherdale, William"]
[Result "1-0"]
[WhiteElo "1573"]
[BlackElo "1691"]
[PlyCount "62"]
[GameId "2160767909573152"]
[EventDate "2012.01.05"]
[EventType "swiss"]
[EventRounds "6"]
[EventCountry "CAN"]
[SourceTitle "EXT 2022"]
[Source "ChessBase"]
[SourceDate "2021.10.06"]
[SourceVersion "1"]
[SourceVersionDate "2021.10.06"]
[SourceQuality "1"]

1. d4 d5 2. c4 c6 3. Nf3 Nf6 4. e3 e6 5. Nc3 Bd6 6. Bd3 Nbd7 7. O-O O-O 8. b3 e5 9. Bb2 e4 10. cxd5 cxd5 11. Nxd5 exd3 12. Nxf6+ Nxf6 13. Qxd3 Bg4 14. e4 Bxf3 15. Qxf3 Be7 16. Rfd1 Qd7 17. d5 Qg4 18. Qxg4 Nxg4 19. h3 Nf6 20. e5 Ne4 21. Rd4 Nc5 22. d6 Bd8 23. Rd5 Ne6 24. Ba3 Bb6 25. d7 Rfd8 26. Be7 Rdb8 27. Rad1 Bd8 28. Bd6 Bc7 29. Bxc7 Nxc7 30. d8=Q+ Ne8 31. Qe7 h6 1-0

[Event "Scarborough CC Jack Frost U1800"]
[Site "Toronto CAN"]
[Date "2012.01.12"]
[Round "2"]
[White "Zhong, Joey"]
[Black "Aghamalian, Derick"]
[Result "0-1"]
[WhiteElo "1455"]
[BlackElo "1636"]
[PlyCount "78"]
[GameId "2160767909573153"]
[EventDate "2012.01.05"]
[EventType "swiss"]
[EventRounds "6"]
[EventCountry "CAN"]
[SourceTitle "EXT 2022"]
[Source "ChessBase"]
[SourceDate "2021.10.06"]
[SourceVersion "1"]
[SourceVersionDate "2021.10.06"]
[SourceQuality "1"]

1. d4 d5 2. Nf3 Nf6 3. c4 e6 4. Nc3 Bd6 5. Bg5 O-O 6. e3 c6 7. Bd3 Nbd7 8. O-O Qc7 9. Rc1 dxc4 10. Bxc4 h6 11. Bh4 Re8 12. Bd3 Qb6 13. Nd2 Qd8 14. Nde4 Be7 15. Bg3 Nd5 16. Nxd5 exd5 17. Nd6 Bxd6 18. Bxd6 Nf6 19. Bg3 Bg4 20. Qa4 Qd7 21. b4 Bf5 22. Be2 Ne4 23. Bf4 a6 24. Qa5 Rac8 25. a4 Nd2 26. Rb1 Nxb1 27. b5 axb5 28. axb5 Ra8 29. Qb4 Na3 30. bxc6 bxc6 31. Rc1 Qe7 32. Bd6 Qg5 33. Rxc6 Nc2 34. Qb5 Bd7 35. Bf4 Bxc6 36. Qxc6 Nxd4 37. Qxe8+ Rxe8 38. Bxg5 Nxe2+ 39. Kf1 hxg5 0-1

[Event "Scarborough CC Jack Frost U1800"]
[Site "Toronto CAN"]
[Date "2012.01.19"]
[Round "3"]
[White "Aghamalian, Derick"]
[Black "Tismenko, Dennis"]
[Result "1-0"]
[WhiteElo "1636"]
[BlackElo "1407"]
[PlyCount "99"]
[GameId "2160767909573154"]
[EventDate "2012.01.05"]
[EventType "swiss"]
[EventRounds "6"]
[EventCountry "CAN"]
[SourceTitle "EXT 2022"]
[Source "ChessBase"]
[SourceDate "2021.10.06"]
[SourceVersion "1"]
[SourceVersionDate "2021.10.06"]
[SourceQuality "1"]

1. e4 c5 2. Nf3 g6 3. d4 cxd4 4. Nxd4 Nc6 5. Nc3 Bg7 6. Be3 Nf6 7. f3 O-O 8. Bc4 d6 9. Qd2 a6 10. a3 Qc7 11. Ba2 b5 12. Nxc6 Qxc6 13. Bh6 Bb7 14. h4 Rfc8 15. Qg5 Qc5 16. Bxg7 Kxg7 17. Qxc5 Rxc5 18. O-O-O Rac8 19. g4 a5 20. Rh2 h5 21. g5 Nd7 22. f4 b4 23. axb4 axb4 24. Nd5 e6 25. Nxb4 Bxe4 26. Rxd6 Nf8 27. Rd4 Bf5 28. c3 R5c7 29. Rhd2 Bg4 30. Nc2 Bf5 31. Ne3 Ra8 32. Nxf5+ exf5 33. Bb1 Ne6 34. Rb4 Rac8 35. Ba2 Ra8 36. Bxe6 fxe6 37. Rd1 Ra1+ 38. Kc2 Ra8 39. Rb6 Kf7 40. Rbd6 Raa7 41. Re1 Re7 42. c4 Ra4 43. Kb3 Raa7 44. c5 Rab7+ 45. Kc3 Rb5 46. b4 Reb7 47. Rexe6 Rxb4 48. Rf6+ Ke7 49. Rde6+ Kd7 50. c6+ 1-0

[Event "Scarborough CC Jack Frost U1800"]
[Site "Toronto CAN"]
[Date "2012.01.19"]
[Round "3"]
[White "Azmitia, Gabriel"]
[Black "Xu, Jeffrey"]
[Result "0-1"]
[WhiteElo "1577"]
[BlackElo "1450"]
[PlyCount "134"]
[GameId "2160767909573156"]
[EventDate "2012.01.05"]
[EventType "swiss"]
[EventRounds "6"]
[EventCountry "CAN"]
[SourceTitle "EXT 2022"]
[Source "ChessBase"]
[SourceDate "2021.10.06"]
[SourceVersion "1"]
[SourceVersionDate "2021.10.06"]
[SourceQuality "1"]

1. d4 Nf6 2. Nf3 e6 3. e3 b6 4. a3 Bb7 5. c4 d5 6. b4 Be7 7. Nbd2 O-O 8. Bb2 Qd7 9. Ne5 Qd8 10. Rc1 Nc6 11. Nd3 dxc4 12. Nxc4 Nd5 13. Be2 a6 14. O-O Qd7 15. Nce5 Nxe5 16. Nxe5 Qd8 17. Bf3 f6 18. Nd3 f5 19. Nf4 Qd7 20. Nd3 Rab8 21. Ne5 Qd8 22. Be2 Qd6 23. Nc4 Qd7 24. Ne5 Qd6 25. Bc4 Rfc8 26. Qh5 Rf8 27. Qe2 b5 28. Ba2 Nb6 29. Qc2 Bd8 30. Rfd1 Be4 31. Qc5 Re8 32. Nc6 Qxc5 33. dxc5 Bxc6 34. cxb6 Rxb6 35. Rd4 Bf6 36. Rd2 Bxb2 37. Rxb2 Kf7 38. Rbc2 Rd8 39. Rc5 Ke7 40. h4 Rd6 41. Bb3 Kd7 42. R5c3 g6 43. Bd1 Rb7 44. Be2 h6 45. f4 h5 46. R1c2 Be4 47. Rc1 Rd5 48. Bf3 Bxf3 49. gxf3 e5 50. fxe5 Rxe5 51. Rd1+ Ke7 52. Kf2 c5 53. f4 cxb4 54. axb4 Re4 55. Rd4 Re6 56. Rcd3 Rbb6 57. Ke2 Rbd6 58. Kd2 Kd7 59. Rd5 Kc6 60. Rc5+ Kb6 61. Rxd6+ Rxd6+ 62. Kc2 Re6 63. Rc3 a5 64. bxa5+ Kxa5 65. Kb3 Re4 66. Rd3 Re6 67. Rc3 Kb6 0-1

[Event "Scarborough CC Jack Frost U1800"]
[Site "Toronto CAN"]
[Date "2012.01.19"]
[Round "3"]
[White "Bellomo, Joe"]
[Black "Pishdad, Hassan"]
[Result "1-0"]
[WhiteElo "1568"]
[BlackElo "1345"]
[PlyCount "77"]
[GameId "2160767909573157"]
[EventDate "2012.01.05"]
[EventType "swiss"]
[EventRounds "6"]
[EventCountry "CAN"]
[SourceTitle "EXT 2022"]
[Source "ChessBase"]
[SourceDate "2021.10.06"]
[SourceVersion "1"]
[SourceVersionDate "2021.10.06"]
[SourceQuality "1"]

1. e4 c5 2. Nf3 d6 3. d4 cxd4 4. Nxd4 Nc6 5. Nc3 Nf6 6. Be2 e5 7. Nf5 Bxf5 8. exf5 Nd4 9. Bb5+ Nxb5 10. Nxb5 Qd7 11. Qd3 e4 12. Qb3 a6 13. Nd4 d5 14. Bg5 Be7 15. O-O O-O 16. Rad1 h6 17. Bh4 Rad8 18. h3 Nh5 19. Bxe7 Qxe7 20. Qe3 Qe5 21. f4 Qc7 22. g4 Nf6 23. g5 hxg5 24. fxg5 Ne8 25. g6 fxg6 26. Ne6 Qxc2 27. Nxf8 gxf5 28. Rd2 Qc6 29. Rg2 Qf6 30. Ng6 d4 31. Qb3+ Kh7 32. Qg3 Rd7 33. Rf4 d3 34. Rh4+ Kg8 35. Rh8+ Kf7 36. Rf8+ Ke6 37. Rxf6+ Kxf6 38. Qg5+ Kf7 39. Ne5+ 1-0

[Event "Scarborough CC Jack Frost U1800"]
[Site "Toronto CAN"]
[Date "2012.01.19"]
[Round "3"]
[White "Crnilovic, Grisha"]
[Black "Song, Eric"]
[Result "0-1"]
[WhiteElo "1592"]
[BlackElo "1644"]
[PlyCount "76"]
[GameId "2160767909573158"]
[EventDate "2012.01.05"]
[EventType "swiss"]
[EventRounds "6"]
[EventCountry "CAN"]
[SourceTitle "EXT 2022"]
[Source "ChessBase"]
[SourceDate "2021.10.06"]
[SourceVersion "1"]
[SourceVersionDate "2021.10.06"]
[SourceQuality "1"]

1. e4 e5 2. f4 d6 3. Nf3 Nc6 4. Bc4 Nf6 5. d3 Be7 6. O-O O-O 7. fxe5 dxe5 8. Bg5 Bg4 9. Nbd2 Nd4 10. c3 Nc6 11. Qe1 h6 12. Bh4 Qd7 13. Bb5 Qd6 14. Bxc6 bxc6 15. d4 Nd7 16. Nc4 Qe6 17. Bxe7 Qxe7 18. Nfxe5 Nxe5 19. Nxe5 Bh5 20. Nxc6 Qd6 21. Ne5 Rab8 22. Qh4 Be2 23. Rf2 Ba6 24. b3 Qe6 25. Re1 Rbd8 26. Ng4 c5 27. Rd2 cxd4 28. cxd4 Qb6 29. Qf2 Qa5 30. Ne5 Qc7 31. Rc2 Qd6 32. Rc6 Qa3 33. Rc7 f5 34. Qh4 Qd6 35. Rc6 Qxd4+ 36. Kh1 Qxe5 37. Rxa6 fxe4 38. Qg3 Qb5 0-1

[Event "Scarborough CC Jack Frost U1800"]
[Site "Toronto CAN"]
[Date "2012.01.19"]
[Round "3"]
[White "Graham, John"]
[Black "Verde, Pino"]
[Result "0-1"]
[WhiteElo "1451"]
[BlackElo "1610"]
[PlyCount "106"]
[GameId "2160767909573159"]
[EventDate "2012.01.05"]
[EventType "swiss"]
[EventRounds "6"]
[EventCountry "CAN"]
[SourceTitle "EXT 2022"]
[Source "ChessBase"]
[SourceDate "2021.10.06"]
[SourceVersion "1"]
[SourceVersionDate "2021.10.06"]
[SourceQuality "1"]

1. e4 b6 2. Bc4 Bb7 3. d3 g6 4. Nf3 Bg7 5. Nc3 e6 6. O-O d6 7. Rb1 Nd7 8. Bd2 Ne7 9. Ng5 h6 10. Nf3 a6 11. Ne2 b5 12. Bb3 Nc5 13. Ba5 Nc6 14. Bc3 b4 15. Bxg7 Rh7 16. Bd4 Nxb3 17. axb3 e5 18. Be3 f5 19. Bd2 fxe4 20. dxe4 g5 21. g3 Qf6 22. Kg2 Rf7 23. Ne1 a5 24. c3 O-O-O 25. Ng1 Rdf8 26. Qe2 Ne7 27. Ra1 Nf5 28. Rxa5 bxc3 29. bxc3 g4 30. Ra7 Ne7 31. Qxg4+ Kb8 32. Be3 c5 33. Rxb7+ Kxb7 34. Qd7+ Kb8 35. Qb5+ Kc8 36. Nd3 Qg6 37. f3 Kc7 38. Ra1 Nc6 39. Ra6 Nb8 40. Qb6+ Kc8 41. Nxc5 Nxa6 42. Nxa6 Qf6 43. Qc6+ Kd8 44. Bb6+ Ke7 45. Nc7 Qg5 46. Qd5 Rf6 47. Qd3 Kf7 48. Nh3 Qc1 49. Be3 Qb2+ 50. Nf2 Kg7 51. Nd5 Rxf3 52. Bxh6+ Kxh6 53. Ne3 Qxf2+ 0-1

[Event "Scarborough CC Jack Frost U1800"]
[Site "Toronto CAN"]
[Date "2012.01.19"]
[Round "3"]
[White "Kurkowski, Ken"]
[Black "Termeer, Ted"]
[Result "1/2-1/2"]
[WhiteElo "1604"]
[BlackElo "1376"]
[PlyCount "84"]
[GameId "2160767909573160"]
[EventDate "2012.01.05"]
[EventType "swiss"]
[EventRounds "6"]
[EventCountry "CAN"]
[SourceTitle "EXT 2022"]
[Source "ChessBase"]
[SourceDate "2021.10.06"]
[SourceVersion "1"]
[SourceVersionDate "2021.10.06"]
[SourceQuality "1"]

1. d4 Nf6 2. c4 e6 3. Nf3 Be7 4. Nc3 d5 5. e3 O-O 6. b3 b6 7. Bb2 Ba6 8. Bd3 Bb4 9. Qc2 dxc4 10. bxc4 Bb7 11. e4 g6 12. O-O Nc6 13. d5 exd5 14. exd5 Nb8 15. a3 Be7 16. Rfe1 Nbd7 17. Ne4 Nxe4 18. Bxe4 Bf6 19. Rad1 Bxb2 20. Qxb2 Nf6 21. Bc2 Qd6 22. Re3 Rfe8 23. Rde1 Rxe3 24. Rxe3 Ba6 25. Qc3 Nd7 26. Ng5 h6 27. Rh3 Qf6 28. Qxf6 Nxf6 29. Ne4 Nxe4 30. Bxe4 Re8 31. f3 Bxc4 32. Rxh6 Kg7 33. Rh4 f5 34. Bxf5 Bxd5 35. Rg4 Bf7 36. Be4 c5 37. Bc6 Re3 38. a4 c4 39. Kf2 Ra3 40. Re4 c3 41. Re1 Bb3 42. Rc1 c2 1/2-1/2

[Event "Scarborough CC Jack Frost U1800"]
[Site "Toronto CAN"]
[Date "2012.01.19"]
[Round "3"]
[White "Liang, Phillip"]
[Black "Karpik, Steve"]
[Result "1-0"]
[WhiteElo "1524"]
[BlackElo "1495"]
[PlyCount "125"]
[GameId "2160767909573161"]
[EventDate "2012.01.05"]
[EventType "swiss"]
[EventRounds "6"]
[EventCountry "CAN"]
[SourceTitle "EXT 2022"]
[Source "ChessBase"]
[SourceDate "2021.10.06"]
[SourceVersion "1"]
[SourceVersionDate "2021.10.06"]
[SourceQuality "1"]

1. c4 c5 2. Nc3 Nf6 3. g3 g6 4. Bg2 Bg7 5. Nf3 Nc6 6. O-O O-O 7. d3 d6 8. Rb1 Rb8 9. a3 a6 10. b4 cxb4 11. axb4 Nd7 12. Nd5 b5 13. Bd2 Nb6 14. Qc2 Bb7 15. cxb5 axb5 16. Nxb6 Qxb6 17. Be3 Qd8 18. Qd2 Ne5 19. Bh6 Nxf3+ 20. exf3 e6 21. Bxg7 Kxg7 22. Rfc1 Qd7 23. Rb3 Rbc8 24. Rbc3 e5 25. f4 Bxg2 26. Kxg2 Rxc3 27. Qxc3 f6 28. fxe5 dxe5 29. Qc7 Rf7 30. Qxd7 Rxd7 31. Rc5 Rb7 32. Kf3 Kf7 33. Ke4 Ke6 34. Rc6+ Ke7 35. d4 exd4 36. Kxd4 f5 37. h4 Kd7 38. Kc5 Rb8 39. Rd6+ Kc7 40. Rf6 Re8 41. Rf7+ Kc8 42. Kxb5 Rh8 43. Kc6 h5 44. b5 Rg8 45. b6 Kb8 46. b7 g5 47. hxg5 Rg6+ 48. Kd5 Rxg5 49. Ke5 f4+ 50. Kxf4 Rb5 51. f3 Rb4+ 52. Kg5 Rb5+ 53. Kh4 Rd5 54. f4 Rd3 55. f5 Re3 56. g4 hxg4 57. Kxg4 Re4+ 58. Kg5 Rc4 59. f6 Rc5+ 60. Kg6 Rc6 61. Re7 Rd6 62. Kg7 Ka7 63. f7 1-0

[Event "Scarborough CC Jack Frost U1800"]
[Site "Toronto CAN"]
[Date "2012.01.19"]
[Round "3"]
[White "Lin, William"]
[Black "Sharpe, Michael"]
[Result "0-1"]
[WhiteElo "1320"]
[BlackElo "1665"]
[PlyCount "46"]
[GameId "2160767909573162"]
[EventDate "2012.01.05"]
[EventType "swiss"]
[EventRounds "6"]
[EventCountry "CAN"]
[SourceTitle "EXT 2022"]
[Source "ChessBase"]
[SourceDate "2021.10.06"]
[SourceVersion "1"]
[SourceVersionDate "2021.10.06"]
[SourceQuality "1"]

1. e4 c5 2. Nf3 d6 3. d4 cxd4 4. Nxd4 Nf6 5. Nc3 a6 6. a3 e6 7. Bc4 Be7 8. Be3 O-O 9. Qd2 Qc7 10. Ba2 Nc6 11. O-O Rd8 12. Nxc6 Qxc6 13. f3 d5 14. e5 d4 15. exf6 dxe3 16. Qe1 Bxf6 17. Kh1 Bg5 18. f4 Rd2 19. Rg1 Bxf4 20. Qf1 e5 21. Bd5 Qh6 22. h3 Qxh3+ 23. gxh3 Rh2# 0-1